| 000 | 00696nam a2200193Ia 4500 | ||
|---|---|---|---|
| 003 | GCL | ||
| 008 | 140319s9999 xx 000 0 ara d | ||
| 040 |
_aGCL / _cGCL |
||
| 082 | 0 | 4 |
_a001.5 _bع ت |
| 100 | 1 | _aعاطف عدلى العبد | |
| 245 | 1 | 0 |
_aتبادل الاخبار التليفزيونية العربية اهميته نشاته وتطوره . مشكلاته . ومستقبله / _cعاطف عدلى العبد |
| 300 | _a213 ص | ||
| 490 |
_aالهيئة العامة للاستعلامات _v0 |
||
| 650 | 0 | 4 | _aالاعلام |
| 650 | 0 | 4 | _aوسائل الاعلام |
| 650 | 0 | 4 | _aالراى العام |
| 650 | 0 | 4 | _aالدعاية التليفزيونية |
| 942 |
_2ddc _cBK |
||
| 999 |
_c51891 _d51891 |
||